Outsource your resource (Record no. 70031)

MARC details
000 -LEADER
fixed length control field 01380cam a2200229 4500
001 - CONTROL NUMBER
control field ABS65442
008 - FIXED-LENGTH DATA ELEMENTS--GENERAL INFORMATION
fixed length control field 020422n2002 000 0 eng u
035 ## - SYSTEM CONTROL NUMBER
System control number (Sirsi) u117606
100 ## - MAIN ENTRY--PERSONAL NAME
Personal name George, J
245 ## - TITLE STATEMENT
Title Outsource your resource
260 ## - PUBLICATION, DISTRIBUTION, ETC.
Date of publication, distribution, etc. 2002
490 ## - SERIES STATEMENT
Series statement Estates Gazette
Volume/sequential designation (0212) 23 March 2002, 128-129(2)
520 ## - SUMMARY, ETC.
Summary, etc. Discusses the potential of the real estate outsourcing market, questioning whether outsourcing will remain a one-off solution for a few prominent property owners, or appeal to a wider audience. Explains the different objectives of those who have outsourced their property portfolios including the 'finance solution', the 'total property solution' and the 'business process outsourcing'. Looks at recent outsourcing transactions involving British Telecom, Abbey National, the BBC, and the Department of Social Security's PRIME project. Discusses the key issues and problems involved in outsourcing, concluding that the property market should take an active role in developing a recognisable outsourcing product(s), starting with a basic structure such as sale-and-leaseback, coupled with a range of options.
590 ## - LOCAL NOTE (RLIN)
Local note ABS
650 ## - SUBJECT ADDED ENTRY--TOPICAL TERM
Topical term or geographic name entry element TRANSACTIONS
650 ## - SUBJECT ADDED ENTRY--TOPICAL TERM
Topical term or geographic name entry element PROPERTY MARKET
650 ## - SUBJECT ADDED ENTRY--TOPICAL TERM
Topical term or geographic name entry element SALE AND LEASEBACK
650 ## - SUBJECT ADDED ENTRY--TOPICAL TERM
Topical term or geographic name entry element OUTSOURCING
690 ## - LOCAL SUBJECT ADDED ENTRY--TOPICAL TERM (OCLC, RLIN)
Topical term or geographic name as entry element PROPERTY MANAGEMENT
9 (RLIN) 6262
700 ## - ADDED ENTRY--PERSONAL NAME
Personal name Pazzi-Axworthy, R
942 ## - ADDED ENTRY ELEMENTS (KOHA)
Suppress in OPAC 0
Holdings
Withdrawn status Lost status Source of classification or shelving scheme Damaged status Not for loan Home library Current library Shelving location Date acquired Total Checkouts Full call number Barcode Date last seen Copy number Price effective from Koha item type
    Dewey Decimal Classification     London London Journal article 22/04/2002   ABS65442 117606-1001 06/08/2019 1 06/08/2019 Journal article